| 000 | 00330 a2200133 4500 | ||
|---|---|---|---|
| 001 | 87464 | ||
| 082 | _aN-3568 | ||
| 090 |
_c41034 _d41034 |
||
| 100 | _aNoor, Dr | ||
| 245 |
_aAdvanced computer architecture [cd] _pCAE9 CDs set _bCS 501 |
||
| 260 |
_aLahore _b2005 _cVirtual University |
||
| 500 | _aCD/DVD | ||
| 520 | _avideo library | ||
| 942 |
_aCAE NUST _kN-3568 |
||
| 999 |
_c322537 _d322537 |
||